1759 1621 1372 1640 1559 1314 1927 1378 1001 1597 1125 1668 1175 1425 1134 1648 1475 1767 1819 1112 1622 1051 1690 1982 1840 1325 1413 1048 1942 1375 1889 1969 1290 1211 1141 1487 1751 1310 1969 1132 1870 1772 1451 1872 1294 1468 1269 1547 1171 1669 1082 1074 1695 1274 1677 1471 1866 1830 1063 1710 1948 1540 1615 1777 1846 1098 1603 1762 1559 1961 1443 1782 1675 1626 1312 1096 1514 1477 1724 1915 1700 1497 1186 1600 1294 1981 1992 1046 1374 1405 1007 1947 1137 1650 1677 1429 1577 1679 1185 BCNSPRNW ULIB Ver.6.0+V

เปลี่ยนเป็นภาษาไทย

Change to English
 แสดงรายละเอียดบรรณานุกรม
  กลับหน้าหลัก

Brief Record : Get Marc (ISO 2709) : E-mail record : QR code < ปิดหน้าต่าง
LEADER : 00000nam 2200000uu 4500
001    13399112992
003     ULIB
008    110921s2553||||th 000 0 tha d
020    9786165560290
050  4 HA62^bผ225ก 2553
100 0  ผ่องพรรณ ตรัยมงคลกูล
245 10 การออกแบบการวิจัย /^cผ่องพรรณ ตรัยมงคลกูล, สุภาพ ฉัตราภรณ์
250    พิมพ์ครั้งที่ 6
260    กรุงเทพฯ :^bสำนักพิมพ์มหาวิทยาลัยเกษตรศาสตร์,^c2553
300    (4), 415 หน้า :^bภาพประกอบ ;^c26 ซม.
650  4 วิจัย
650  4 สังคมศาสตร์^xวิจัย
700 0  สุภาพ ฉัตราภรณ์
945    ^p320^l0^i030629
995     เกษร
999 ^a ใช้งานได้ทุกระบบ
รายการนี้ยังไม่มีแท็ก
คุณยังไม่ได้ล็อกอิน คุณสามารถมีกิจกรรมร่วมกับเว็บไซต์ได้ แต่ต้องล็อกอินก่อน ::
  ล็อกอิน

รายการสื่อสารสนเทศ

ลำดับที่ ประเภท เลขเรียก/บาร์โค้ด สถานที่ สถานะ
- ไม่พบข้อมูล -

รายการใกล้เคียง
    หัวเรื่อง [วิจัย]

BibComment


ยังไม่เคยถูกคอมเมนท์

คอมเมนท์ทรัพยากรรายการนี้
  คอมเมนท์: การออกแบบการวิจัย..


 Copyright 2026. Bcnsprnw @Library